<?xml version="1.0" encoding="UTF-8"?>
<record
    xmlns:xsi="http://www.w3.org/2001/XMLSchema-instance"
    xsi:schemaLocation="http://www.loc.gov/MARC21/slim http://www.loc.gov/standards/marcxml/schema/MARC21slim.xsd"
    xmlns="http://www.loc.gov/MARC21/slim">

  <leader>00869nam a22001937a 4500</leader>
  <controlfield tag="001">10101</controlfield>
  <controlfield tag="003">FISKH</controlfield>
  <controlfield tag="005">20260408121133.0</controlfield>
  <controlfield tag="008">260408b        cb ||||| |||| 00| 0 eng d</controlfield>
  <datafield tag="020" ind1=" " ind2=" ">
    <subfield code="a">9787830003586</subfield>
  </datafield>
  <datafield tag="040" ind1=" " ind2=" ">
    <subfield code="a">FISKH</subfield>
    <subfield code="b">chi</subfield>
    <subfield code="c">FISKH</subfield>
    <subfield code="d">FISKH</subfield>
  </datafield>
  <datafield tag="100" ind1=" " ind2=" ">
    <subfield code="a">&#x7C73;&#x5409;&#x5361;</subfield>
  </datafield>
  <datafield tag="245" ind1=" " ind2=" ">
    <subfield code="a">&#x6CE1;&#x6CE1;&#x8F66; /</subfield>
    <subfield code="c">By &#x7C73;&#x5409;&#x5361;</subfield>
  </datafield>
  <datafield tag="300" ind1=" " ind2=" ">
    <subfield code="a">21 pages : </subfield>
    <subfield code="b">color illustrations ;</subfield>
    <subfield code="c">26 cm . </subfield>
  </datafield>
  <datafield tag="520" ind1=" " ind2=" ">
    <subfield code="a">&#x300A;&#x6CE1;&#x6CE1;&#x8F66;&#x300B;&#x662F;&#x7C73;&#x5409;&#x5361;&#x7F16;&#x8457;&#x3001;&#x67F3;&#x5B50;&#x7ED8;&#x753B;&#x7684;&#x4E00;&#x672C;&#x513F;&#x7AE5;&#x56FE;&#x753B;&#x4E66;&#x3002;&#x6545;&#x4E8B;&#x8BB2;&#x8FF0;&#x4E86;&#x4E00;&#x8F86;&#x795E;&#x5947;&#x7684;&#x201C;&#x6CE1;&#x6CE1;&#x8F66;&#x201D;&#x4EE5;&#x53CA;&#x5B83;&#x7684;&#x5192;&#x9669;&#x65C5;&#x7A0B;&#x3002;&#x4E66;&#x4E2D;&#x901A;&#x8FC7;&#x5145;&#x6EE1;&#x60F3;&#x8C61;&#x529B;&#x7684;&#x6C7D;&#x8F66;&#x548C;&#x5E7D;&#x9ED8;&#x8DA3;&#x5473;&#x7684;&#x6545;&#x4E8B;&#x60C5;&#x8282;&#xFF0C;&#x5F15;&#x5BFC;&#x5B69;&#x5B50;&#x53D1;&#x6325;&#x60F3;&#x8C61;&#x529B;&#xFF0C;&#x8BA4;&#x8BC6;&#x4E0D;&#x540C;&#x7684;&#x4E8B;&#x7269;&#x548C;&#x573A;&#x666F;&#xFF0C;&#x540C;&#x65F6;&#x4EAB;&#x53D7;&#x8F7B;&#x677E;&#x6709;&#x8DA3;&#x7684;&#x9605;&#x8BFB;&#x4F53;&#x9A8C;&#x3002;&#x6545;&#x4E8B;&#x8BED;&#x8A00;&#x7B80;&#x5355;&#xFF0C;&#x63D2;&#x56FE;&#x4E30;&#x5BCC;&#xFF0C;&#x975E;&#x5E38;&#x9002;&#x5408;&#x4F4E;&#x5E7C;&#x513F;&#x7AE5;&#x9605;&#x8BFB;&#x3002;</subfield>
  </datafield>
  <datafield tag="700" ind1=" " ind2=" ">
    <subfield code="a">&#x67F3;&#x5B50;</subfield>
    <subfield code="e">Illustrator </subfield>
  </datafield>
  <datafield tag="942" ind1=" " ind2=" ">
    <subfield code="2">ddc</subfield>
    <subfield code="c">BOOK</subfield>
    <subfield code="n">0</subfield>
  </datafield>
  <datafield tag="999" ind1=" " ind2=" ">
    <subfield code="c">10101</subfield>
    <subfield code="d">10101</subfield>
  </datafield>
  <datafield tag="952" ind1=" " ind2=" ">
    <subfield code="0">0</subfield>
    <subfield code="1">0</subfield>
    <subfield code="2">ddc</subfield>
    <subfield code="4">0</subfield>
    <subfield code="7">0</subfield>
    <subfield code="8">REF</subfield>
    <subfield code="a">002</subfield>
    <subfield code="b">002</subfield>
    <subfield code="c">LSHTTP</subfield>
    <subfield code="d">2026-04-08</subfield>
    <subfield code="l">0</subfield>
    <subfield code="o">&#x7C73;&#x5409;&#x5361;</subfield>
    <subfield code="p">2026-0473</subfield>
    <subfield code="r">2026-04-08 12:11:29</subfield>
    <subfield code="w">2026-04-08</subfield>
    <subfield code="y">BOOK</subfield>
  </datafield>
</record>
